00411nam a2200169Ia 4500008004100000020001800041245001600059245005100075260001500126260001600141260000900157300001400166300002500180300001000205500000700215999001900222170705s9999 xx 000 0 und d a9780439455626 aI can run / cGay Su Pinnell ; illustrated by Melissa Sweet. aNew York : bScholastic, c2002 a9 pages : bcolor illustration ; c20cm. aBR c335875d335875